Statystyki dla Kluby Ekstraklasy 2019/2020

Kliknij tutaj aby rozwiązać quiz!

Ogólne statystyki

  • Ten quiz został rozwiązany 496 razy
  • Średni wynik to 14 z 16

Statystyki odpowiedzi

Klub% Poprawnych
Legia Warszawa
99%
Lech Poznań
97%
Lechia Gdańsk
96%
Wisła Kraków
96%
Cracovia
90%
Arka Gdynia
89%
Jagiellonia Białystok
89%
Piast Gliwice
89%
Pogoń Szczecin
89%
Śląsk Wrocław
87%
Raków Częstochowa
85%
ŁKS Łódź
84%
Zagłębie Lubin
84%
Górnik Zabrze
82%
Korona Kielce
82%
Wisła Płock
81%

Rozkład punktacji

Percentyl według liczby udzielonych odpowiedzi

Procent ludzi z każdym wynikiem

Twoja historia wyników

Nie rozwiązałeś tego quizu